000
00232 a2200109 4500
001
66192
040
_c
Anchieta - Pituba
240
1
0
_a
Oficina de música 2008
_l
245
1
0
_a
Oficina de música 2008
650
4
_a
Música
942
_c
MX
999
_c
66192
_d
66192